Filosofía del Derecho.
Guardat en:
| Autor principal: | |
|---|---|
| Format: | Llibre |
| Idioma: | espanyol |
| Publicat: |
Buenos Aires, Argentina:
EUDEBA,
1964.
|
| Col·lecció: | Cuadernos de Eudeba, 118.
|
| Matèries: | |
| Etiquetes: |
Afegir etiqueta
Sense etiquetes, Sigues el primer a etiquetar aquest registre!
|
MARC
| LEADER | 00000nam a2200000 a 4500 | ||
|---|---|---|---|
| 001 | UCL0375 | ||
| 003 | CL-VaPUC | ||
| 005 | 20220822114351.0 | ||
| 008 | 030711e19640000AG |||||||||||||||||spa|d | ||
| 999 | |c 304248 |d 304246 | ||
| 040 | |c Pontificia Universidad Católica de Valparaíso | ||
| 082 | 0 | 4 | |a 340.1 BAT 1964 |2 21 |
| 100 | 0 | |a Batiffol, Henri |e autor |9 477056 | |
| 245 | 1 | 0 | |a Filosofía del Derecho. |
| 260 | |a Buenos Aires, Argentina: |b EUDEBA, |c 1964. | ||
| 300 | |a 118 páginas. | ||
| 490 | 0 | |a Cuadernos de Eudeba, 118. | |
| 500 | |a c.2 Donación Familia Prof. Alejandro Guzmán Brito. | ||
| 583 | |a last modification |c 20030711 00:00:00 |k Rodrigo Vera | ||
| 650 | 0 | |a Filosofía del derecho |9 255050 | |
| 650 | 0 | |a Positivismo |9 269460 | |
| 650 | 0 | |a Derecho natural |9 255041 | |
| 650 | 0 | |a Sociología del derecho |9 254890 | |
| 942 | |c BK |2 ddc |n 0 | ||
| 945 | |d 20030711 00:00:00 |a cmena | ||
| 952 | |0 0 |1 0 |4 0 |6 340_100000000000000_BAT_1964 |7 0 |8 A |9 366208 |a BIBDER |b BIBDER |d 2019-11-21 |i 3918920 |o 340.1 BAT 1964 |p 3918920 |r 2023-01-25 |w 2019-11-21 |y BK |k DER | ||